000 00559nam a2200181Ia 4500
008 151018s9999 xx 000 0 und d
082 _bRBASDV45180
_a503
100 _aप्रमोद
245 _aविज्ञान के अविष्कार
250 _b1
260 _bसंगीता
_c2006
300 _a48
600 _aप्रमोद
630 _aविज्ञान के अविष्कार
700 _aप्रमोद
730 _aविज्ञान के अविष्कार
942 _cBOOK
999 _c1044370
_d1044367